El derecho administrativo sancionador. Estudio comparativo entre Chile y Argentina. Actas de las VII Jornadas Chileno-Argentinas de Derecho Administrativo

Uloženo v:
Podrobná bibliografie
Hlavní autor: Huepe Artigas, Fabián (coordinador, Editor)
Další autoři: Ferrada Bórquez, Juan Carlos (coordinador), Marcer, Ernesto Alberto (coordinador), García Mira, Santiago (coordinador)
Médium: Neznámo
Jazyk:angličtina
Vydáno: Santiago, Chile: Ediciones Der; Universidad de Concepción, 2021
Vydání:Primera edición
Edice:CoEdiciones
Témata:
Tagy: Přidat tag
Žádné tagy, Buďte první, kdo vytvoří štítek k tomuto záznamu!

MARC

LEADER 00000 a2200000 4500
003 CL-VaPUC
005 20231220170339.0
008 211102b2021 ||||| |||| 00| 0 eng d
999 |c 433808  |d 433806 
020 |a 978-956-405-016-4 
040 |c Pontificia Universidad Católica de Valparaíso 
082 0 4 |2 21  |a 342.06 HUE 2021 
100 1 |a Huepe Artigas, Fabián  |9 863843  |e editor  |e coordinador 
245 1 3 |a El derecho administrativo sancionador.  |b Estudio comparativo entre Chile y Argentina. Actas de las VII Jornadas Chileno-Argentinas de Derecho Administrativo 
250 |a Primera edición 
260 |a Santiago, Chile:  |b Ediciones Der;   |b Universidad de Concepción,   |c 2021 
300 |a 536 páginas  
490 0 |a CoEdiciones 
583 |k Cristina María Rojas Aguilar  |c 20211102 
650 1 |a Derecho administrativo  |x Sanciones administrativas  |z Chile  |z Argentina  |9 865982 
700 |a Ferrada Bórquez, Juan Carlos  |e coordinador  |9 886758 
700 |a Marcer, Ernesto Alberto  |e coordinador  |9 864056 
700 |a García Mira, Santiago  |e coordinador  |9 864057 
942 |2 ddc  |c BK 
952 |0 0  |1 0  |2 ddc  |4 0  |6 342_060000000000000_HUE_2021  |7 0  |8 A  |9 579112  |a BIBDER  |b BIBDER  |d 2021-11-02  |e 22  |g 25000.00  |i 562472K  |o 342.06 HUE 2021  |p 562472K  |r 2023-01-25  |t 1  |v 25000.00  |w 2021-11-02  |y BK  |k DER